Dia insaf akhirnya

Bibliographic Details
Main Author: Amril Shah
Format: Book
Published: Selangor : Impiana Publications & Distributors , 2006
Series:Siri kesusasteraan tempatan
Subjects:

MARC

LEADER 00000cam a2200000 7i4500
001 0000000832
005 20160330.0
008 070703
020 |a 9833298192(set) 
020 |a 9833298222 
090 0 0 |a AMR   |b MAL 
100 0 |a Amril Shah 
245 1 0 |a Dia insaf akhirnya   |c Amril Shah 
260 |a Selangor :   |b Impiana Publications & Distributors ,   |c 2006 
440 |a Siri kesusasteraan tempatan 
500 |a Teenager ages 13-18 years old (blue) 
650 0 |a Malay fiction 
999 |a 0000912797   |b Book   |c Teenagers   |e Cawangan Bandar Tenggara 
999 |a 0000912798   |b Book   |c Teenagers   |e Cawangan Bandar Tenggara 
999 |a 0000944373   |b Book   |c Teenagers   |e Cawangan Taman Sri Lambak 
999 |a 0000960427   |b Book   |c Teenagers   |e Cawangan Bandar Penawar 
999 |a 0000960429   |b Book   |c Teenagers   |e Perbadanan Perpustakaan Awam Johor 
999 |a 0000960430   |b Book   |c Teenagers   |e Perbadanan Perpustakaan Awam Johor